| 000 | 01028nam a22002897a 4500 | ||
|---|---|---|---|
| 001 | BR9208299 | ||
| 003 | BR-BrBNA | ||
| 005 | 20230928093703.0 | ||
| 007 | ta | ||
| 008 | 230509b bl.||||| |||| 00| 0 por d | ||
| 040 |
_aBR-BrBNA _bpor _cBiblioteca Nacional de Agricultura |
||
| 041 | _a(Por) | ||
| 072 | _aQ02; J11 | ||
| 090 | _ Q02 BR9208299 | ||
| 110 | 1 |
_aSecretaria Nacional de Producao Agropecuaria, Brasilia, DF (Brasil). Gerencia de Horticultura; _99231 |
|
| 110 | 1 |
_aCompanhia Brasileira de Armazenamento, Brasilia, DF (Brasil); _92307 |
|
| 110 | 1 |
_aAssociacao Brasileira da Industria de Armazenagem Frigorificada, Sao Paulo, SP (Brasil) _9179 |
|
| 111 | 1 |
_a1. Encontro Tecnico sobre Frigoconservacao _cBrasilia, DF (Brazil) _d2-5 Dec 1980 |
|
| 245 | 1 | _a1. Encontro Tecnico sobre Frigoconservacao. Anais | |
| 260 | 3 |
_aBrasilia, DF (Brasil): _c1981. |
|
| 300 | _a172 p. | ||
| 650 | _aFRIGORIFICO | ||
| 650 | _aARMAZENAMENTO | ||
| 650 | _aREFRIGERACAO | ||
| 909 |
_a202309 _bLucia _c55 _dLucia Elande |
||
| 942 | _cBK | ||
| 999 |
_c46487 _d46487 |
||